THEORIES OF PERSONALITY (Record no. 23092)
[ view plain ]
| 000 -LEADER | |
|---|---|
| fixed length control field | 00336nam a22001577a 4500 |
| 003 - CONTROL NUMBER IDENTIFIER | |
| control field | SGT |
| 020 ## - INTERNATIONAL STANDARD BOOK NUMBER | |
| International Standard Book Number | 9788131520772 |
| 082 ## - DEWEY DECIMAL CLASSIFICATION NUMBER | |
| Classification number | 155.2,SCH |
| 100 ## - MAIN ENTRY--PERSONAL NAME | |
| Personal name | SCHULTZDUANE.P |
| 245 ## - TITLE STATEMENT | |
| Title | THEORIES OF PERSONALITY |
| 250 ## - EDITION STATEMENT | |
| Edition statement | 10TH |
| 260 ## - PUBLICATION, DISTRIBUTION, ETC. (IMPRINT) | |
| Place of publication, distribution, etc | ANDOVER |
| Name of publisher, distributor, etc | CENGAGE |
| Year of Publication | 2013 |
| 300 ## - PAGE DESCRIPTION | |
| No. of Pages | 479 |
| 650 ## - SUBJECT ADDED ENTRY--TOPICAL TERM | |
| Topical term or geographic name as entry element | PSYCHOLOGY |
| 942 ## - ADDED ENTRY ELEMENTS (KOHA) | |
| Source of classification or shelving scheme | Dewey Decimal Classification |
| Koha item type | Books |
| 942 ## - ADDED ENTRY ELEMENTS (KOHA) | |
| -- | 64 |
| Withdrawn status | Lost status | Source of classification or shelving scheme | Damaged status | Not for loan | Collection code | Home library | Current library | Shelving location | Date acquired | Vendor Name | Cost, normal purchase price | SGTU | Bill Number | Total Checkouts | Full call number | Accession No. (Barcode) | Date last seen | Date last borrowed | Bill Date | Koha item type | Use restrictions |
|---|---|---|---|---|---|---|---|---|---|---|---|---|---|---|---|---|---|---|---|---|---|
| Dewey Decimal Classification | ENGINEERING | SGT Engineering Library | SGT Engineering Library | Text Book | 05/08/2022 | AHUJA BOOK COMPANY PVT.LTD | 599.00 | SGTU | 14706 | 23 | 155.2,SCH | FE8505 | 21/02/2025 | 13/02/2025 | 30/06/2022 | Books | |||||
| Dewey Decimal Classification | Not For Loan | ENGINEERING | SGT Engineering Library | SGT Engineering Library | Reference Book | 05/08/2022 | AHUJA BOOK COMPANY PVT.LTD | 599.00 | SGTU | 14706 | 4 | 155.2,SCH | FE8506 | 02/02/2024 | 16/01/2024 | 30/06/2022 | Books | Restricted Access | |||
| Dewey Decimal Classification | ENGINEERING | SGT Engineering Library | SGT Engineering Library | Text Book | 05/08/2022 | AHUJA BOOK COMPANY PVT.LTD | 599.00 | SGTU | 14706 | 21 | 155.2,SCH | FE8507 | 27/01/2026 | 14/01/2026 | 30/06/2022 | Books | |||||
| Dewey Decimal Classification | ENGINEERING | SGT Engineering Library | SGT Engineering Library | Text Book | 05/08/2022 | AHUJA BOOK COMPANY PVT.LTD | 599.00 | SGTU | 14706 | 21 | 155.2,SCH | FE8508 | 05/05/2025 | 21/04/2025 | 30/06/2022 | Books |